Statistiques concernant Barcelone - Culture générale

Cliquez ici pour prendre le quiz!

Statistiques générales

  • Ce quiz a été pris 1 580 fois
    (1 256 depuis la dernière actualisation)
  • Le résultat moyen est 12 sur 23

Statistiques - réponses

InformationRéponse% Correct
Région autonome dont elle est la capitaleCatalogne
97%
Mer qui fait face à la villeMer Méditerranée
92%
Fameuse basilique toujours en constructionSagrada Família
89%
Nom du stade du FC BarceloneCamp Nou
82%
Surnom donné au club ou à la ville"Barça"
79%
Footballeur argentin surnommé "la Pulga" qui a marqué le FCBLionel Messi
78%
Problème moderne auquel la ville est confronté, surtout en été{Tourisme} de masse
77%
Chanteuse colombienne qui y vit et enregistre ses morceaux | Gérard PiquéShakira
75%
Année des Jeux Olympiques de Barcelone1992
61%
Architecte qui a lancé la construction de la basilique et du parc cités plus hautAntoni Gaudí
55%
Autre club barcelonais de football qui joue en première divisionEspanyol
55%
Explorateur italien qui pointe l'horizon du doigt, sur une colonne de 60mChristophe Colomb
53%
Parc couvert de mosaïques devenu cité-jardinParc {Güell}
53%
Grande avenue marchande de la villeLa Rambla
51%
Personnage crée par Miguel de Cervantes à Barcelone (même s'il vient de la Mancha)Don Quichotte
48%
Dessert variante locale de la crème brûléeCrème {Catalane}
36%
Camp opposé aux franquistes, dont Barcelone fut un bastionRépublicain
31%
Colline et château dominant la villeMontjuïc
23%
Quartier au bord de merBarceloneta
21%
Ville la plus peuplée de la banlieueL'{Hospitalet} de Llobregat
20%
Peintre et sculpteur surréaliste utilisant des couleurs vivesJoan Miró
17%
Saint patron, nommé Jordi en catalan, fêté avec des livres et des roses les 23 avrilSaint Georges
15%
Cantatrice barcelonaise surnommée La SuperbaMontserrat {Caballé}
10%

Distribution des résultats

Percentile par nombre de réponses

% des personnes avec chaque résultat

Votre développement - résultats

Vous n’avez pas pris ce quiz depuis la dernière actualisation